| 000 | 00339nam a2200133Ia 4500 | ||
|---|---|---|---|
| 008 | 240624s9999 xx 000 0 und d | ||
| 041 | _aeng | ||
| 082 | _a650.1 KEL | ||
| 100 | _aKELLER GARY | ||
| 245 | _aONE THING THE SURPRISINGLY SIMPLE TRUTH | ||
| 260 |
_c2013 _aLondon _bJohn Murray |
||
| 300 | _a239 : p. : cm. ; 18 | ||
| 365 |
_cRS _b30 |
||
| 999 |
_c27698 _d27698 |
||